The state in contemporary Islamic thought : (Record no. 21809)
[ view plain ]
| 000 -LEADER | |
|---|---|
| fixed length control field | 01283cam a22003255a 4500 |
| 001 - CONTROL NUMBER | |
| control field | 016457640 |
| 003 - CONTROL NUMBER IDENTIFIER | |
| control field | OSt |
| 005 - DATE AND TIME OF LATEST TRANSACTION | |
| control field | 20160524142512.0 |
| 008 - FIXED-LENGTH DATA ELEMENTS--GENERAL INFORMATION | |
| fixed length control field | 130604s2015 enk frb 001 0 eng d |
| 020 ## - INTERNATIONAL STANDARD BOOK NUMBER | |
| International Standard Book Number | 9781780766492 (pbk.) |
| 040 ## - CATALOGING SOURCE | |
| Original cataloging agency | StDuBDS |
| Language of cataloging | eng |
| Transcribing agency | StDuBDS |
| Modifying agency | EG-ScBUE |
| 041 1# - LANGUAGE CODE | |
| Language code of text/sound track or separate title | eng |
| Language code of original and/or intermediate translations of text | ara |
| 082 04 - DEWEY DECIMAL CLASSIFICATION NUMBER | |
| Edition number | 22 |
| Classification number | 297.272 |
| Item number | BAL |
| 100 1# - MAIN ENTRY--PERSONAL NAME | |
| Personal name | Balqazīz, ʿAbd al-Ilāh. |
| 245 14 - TITLE STATEMENT | |
| Title | The state in contemporary Islamic thought : |
| Remainder of title | a historical survey of the major Muslim political thinkers of the modern era / |
| Statement of responsibility, etc | Abdelilah Belkeziz ; translated for The Center for Arab Unity Studies by Abdullah Richard Lux. |
| 260 ## - PUBLICATION, DISTRIBUTION, ETC. (IMPRINT) | |
| Place of publication, distribution, etc | London ; |
| -- | New York : |
| Name of publisher, distributor, etc | I.B. Tauris Publishers in Association with The Centre for Arab Unity Studies, |
| Date of publication, distribution, etc | 2015. |
| 300 ## - PHYSICAL DESCRIPTION | |
| Extent | xxvi, 320 p. ; |
| Dimensions | 24 cm. |
| 500 ## - GENERAL NOTE | |
| General note | Originally published: 2009. |
| 500 ## - GENERAL NOTE | |
| General note | Index : p. [309]-320. |
| 504 ## - BIBLIOGRAPHY, ETC. NOTE | |
| Bibliography, etc | Bibliography : p. [297]-307. |
| 546 ## - LANGUAGE NOTE | |
| Language note | Text in English ; translated from original Arabic. |
| 650 #0 - SUBJECT ADDED ENTRY--TOPICAL TERM | |
| Topical term or geographic name as entry element | Islam and state. |
| Source of heading or term | BUEsh |
| 650 #7 - SUBJECT ADDED ENTRY--TOPICAL TERM | |
| Topical term or geographic name as entry element | Islam and politics. |
| Source of heading or term | BUEsh |
| 9 (RLIN) | 12785 |
| 651 ## - SUBJECT ADDED ENTRY--GEOGRAPHIC NAME | |
| Source of heading or term | BUEsh |
| 653 ## - INDEX TERM--UNCONTROLLED | |
| Resource For college | BAEPS, Political Science |
| Arrived date list | May2016 |
| 700 1# - ADDED ENTRY--PERSONAL NAME | |
| Personal name | Lux, Abdullah Richard, |
| Relator term | translator. |
| 710 2# - ADDED ENTRY--CORPORATE NAME | |
| Corporate name or jurisdiction name as entry element | Centre for Arab Unity Studies. |
| 710 2# - ADDED ENTRY--CORPORATE NAME | |
| Corporate name or jurisdiction name as entry element | Mohammed Bin Rashid Al Maktoum Foundation. |
| 9 (RLIN) | 38319 |
| 942 ## - ADDED ENTRY ELEMENTS (KOHA) | |
| Source of classification or shelving scheme | Dewey Decimal Classification |
| Withdrawn status | Item status | Source of classification or shelving scheme | Damaged status | Not for loan | Vendor | Home library | Current library | Shelving location | Date acquired | Source of acquisition | Cost, normal purchase price | Serial Enumeration / chronology | Total Checkouts | Full call number | Barcode | Date last seen | Date last borrowed | Cost, replacement price | Koha item type |
|---|---|---|---|---|---|---|---|---|---|---|---|---|---|---|---|---|---|---|---|
| Dewey Decimal Classification | Alahram | Central Library | Central Library | Lower Floor | 24/05/2016 | Purchase | 189.00 | 2 | 1 | 297.272 BAL | 000032588 | 15/07/2025 | 31/10/2017 | 236.25 | Book - Borrowing |